banner-ar

فيديوهات الألعاب الإلكترونية وتأثيرها على سلوكيات المراهقين / (Record no. 67675)

MARC details
000 -الفاتح
حقل البيانات ثابتة الطول 01004nam a2200253Ia 4500
005 - وقت وتاريخ اخر تعامل مع التسجيلة
رقم الضبط 20250622124037.0
008 - عناصر البيانات ثابتة الطول - معلومات عامة
حقل البيانات ثابتة الطول 250617s9999||||xx |||||||||||||| ||ara||
017 ## - رقم الايداع القانونى
رقم الايداع القانونى 22296
المصدر ( الهيئة المختصة) مصر. دار الكتب
020 ## - الرقم الدولى المعيارى للكتب
الرقم الدولى المعيارى للكتاب 9789778812633
082 04 - رقم تصنيف ديوى العشرى
رقم التصنيف "302,234"
رقم المادة و ف
100 0# - المدخل الرئيسى - إسم شخصى
الإسم الشخصى ولاء فتحى إبراهيم
245 10 - بيان العنوان
العنوان فيديوهات الألعاب الإلكترونية وتأثيرها على سلوكيات المراهقين /
بيان المسئوليه,etc ولاء فتحى إبراهيم
250 ## - بيان الطبعة
بيان الطبعة ط1
260 3# - PUBLICATION, DISTRIBUTION, ETC. (IMPRINT)
تاريخ النشر أو التوزيع 2025.
300 ## - الوصف المادى
التعداد 208ص :
تفاصيل ماديه اخرى للوعاء صور ؛
أبعاد الوعاء 24سم.
650 ## - المدخل الاضافى بالموضوع-مصطلح موضوعى
مصطلح موضوعي الأفلام
650 ## - المدخل الاضافى بالموضوع-مصطلح موضوعى
مصطلح موضوعي الألعاب الإلكترونية
التقسيم الفرعي العام تأثير
650 ## - المدخل الاضافى بالموضوع-مصطلح موضوعى
مصطلح موضوعي التسجيلات الصوتية
650 ## - المدخل الاضافى بالموضوع-مصطلح موضوعى
مصطلح موضوعي التعليم
التقسيم الفرعي العام الوسائل السمعية والبصرية
650 ## - المدخل الاضافى بالموضوع-مصطلح موضوعى
مصطلح موضوعي الفيديو
التقسيم الفرعي العام تأثير
650 ## - المدخل الاضافى بالموضوع-مصطلح موضوعى
مصطلح موضوعي المراهقون
التقسيم الفرعي العام علم نفس
942 ## - عناصر المدخل الإضافي( كوها)
Koha [default] item type كتاب
260 3# - PUBLICATION, DISTRIBUTION, ETC. (IMPRINT)
-- القاهرة :
-- "دار العلا للنشر والتوزيع,"
Holdings
حالة التراجع حالة الفقد حالة تلف ليس للاعارة المكان المؤقت الموقع الحالى موقع الترفيف تاريخ الاكتساب اجمالي اﻻعارات تاريخ اخر مشاهدة تاريخ تفعيل السعر نوع وعاء كوها
        مكتبة القاهرة الكبرى مكتبة القاهرة الكبرى القاعة الرئيسية 06/22/2025   06/22/2025 06/22/2025 كتاب

Powered By

EGPV